000
nam a22 7a 4500
999
_c
85
_d
85
005
20170417111021.0
008
170417b2008 -uk||||| |||| 00| 0 eng d
020
_a
9781847980236
040
_a
AKMAL
082
_a
343
090
_a
343
_b
GRE
245
_a
THE GREEN BOOK 2008-09
300
_c
cm
650
_a
TAXATION
_9
229
942
_2
ddc
_c
BOOK